Demigods of Apollo in Percy Jackson - Statistics

General Stats
  • This quiz has been taken 95 times
  • The average score is 4 of 8
Answer Stats
Answer % Correct
Will Solace
98%
Lee Fletcher
76%
Michael Yew
76%
Kayla Knowles
48%
Austin Lake
36%
Gracie
16%
Yan
15%
Jerry
14%
No matching quizzes found
Score Distribution
Percent of People with Each Score
Percentile by Number Answered
Your Score History
You have not taken this quiz